000 00402nam a2200169Ia 4500
008 230524s9999 xx 000 0 und d
020 _a9788171945207
082 _a657
_bKIS
100 _aRavi M.Kishore
245 0 _aFinancial Management
250 _a6TH
260 _aNEW DELHI
_bTaxmann
_c2008
300 _a1-43;1380
500 _aQuantity Number: 11
650 _aManagement
942 _cBK
999 _c40901
_d40901